00947nam a2200253Ib 4500003000500000005001700005008004100022020002600063040002400089041001400113082001500127100003900142245005000181250002100231260003900252300003500291655003000326655002400356655003000380942003500410999001900445952010200464952012700566322820260112144843.0210817s9999 xx ed 000 1 AFR d a0868121835 (hardback) aMPLc3228bengerda aAfrikaans aLP AF BOSH a Boshoff, Melanie 95802eauthor 0aBestryk vannag jou deurpos /cMelanie Boshoff aGrootdrukuitgawe aPretoria :bMakro Boeke ,c©1988. a348 pages (large print)c21 cm 09189056aAfrikaans Fiction 09198295aLarge Print 09188653a Suspence Fiction cBK2ddcy296zPhillipina Naude c214944d214942 00102ddc4070aMIDDLbJERELd2021-08-18oLP AF BOSHp33228018114643r2021-08-18w2021-08-18yBK 00102ddc40708FaKLIPLbKLIPLcFICd2026-01-12l0oLP AF BOSHp33228009285147r2026-01-12w2026-01-12yBKz61611760 208